Catálogo

La leyenda del cacao / (Registro nro. 3823)

Detalles MARC
000 -LEADER
fixed length control field 01030cam a2200313 i 4500
001 - CONTROL NUMBER
control field 3823
003 - CONTROL NUMBER IDENTIFIER
control field Mx-PuUPA
005 - DATE AND TIME OF LATEST TRANSACTION
control field 20250620093025.0
008 - FIXED-LENGTH DATA ELEMENTS--GENERAL INFORMATION
fixed length control field 140415s2024 a dr 000 0 spa d
040 ## - CATALOGING SOURCE
Original cataloging agency Mx-PuUPA
Language of cataloging spa
Transcribing agency Mx-PuUPA
Modifying agency Mx-PuUPA
Description conventions rda
041 0# - LANGUAGE CODE
Language code of text/sound track or separate title spa
043 ## - GEOGRAPHIC AREA CODE
Geographic area code n-mx---
100 0# - MAIN ENTRY--PERSONAL NAME
Personal name EFS,
Fuller form of name (Enrique Flores Sandoval),
9 (RLIN) 17232
Relator term autor
245 13 - TITLE STATEMENT
Title La leyenda del cacao /
Statement of responsibility, etc. EFS ; ilustraciones, Sareki López
250 ## - EDITION STATEMENT
Edition statement Primera edición
264 #1 - PRODUCTION, PUBLICATION, DISTRIBUTION, MANUFACTURE, AND COPYRIGHT NOTICE
Place of production, publication, distribution, manufacture Tlaxcala, México :
Name of producer, publisher, distributor, manufacturer Editorial Cómictlan,
Date of production, publication, distribution, manufacture, or copyright notice 2024
300 ## - PHYSICAL DESCRIPTION
Extent 35 páginas :
Dimensions 20 cm
336 ## - CONTENT TYPE
Fuente rdacontent
Content type term texto
Content type code txt
336 ## - CONTENT TYPE
Fuente rdacontent
Content type term imagen fija
Content type code sti
337 ## - MEDIA TYPE
Source rdamedia
Media type term sin medio
Media type code n
338 ## - CARRIER TYPE
Source rdacarrier
Carrier type term volumen
Carrier type code nc
650 #7 - SUBJECT ADDED ENTRY--TOPICAL TERM
Source of heading or term armarc
Topical term or geographic name entry element Cacao
General subdivision Leyendas indígenas
Geographic subdivision México
650 #7 - SUBJECT ADDED ENTRY--TOPICAL TERM
Source of heading or term armarc
Topical term or geographic name entry element Cuentos infantiles
650 #7 - SUBJECT ADDED ENTRY--TOPICAL TERM
Source of heading or term armarc
Topical term or geographic name entry element Plantas
General subdivision Leyendas
Geographic subdivision México
700 1# - ADDED ENTRY--PERSONAL NAME
Personal name López, Sareki,
Relator term ilustrador
9 (RLIN) 16908
942 ## - ADDED ENTRY ELEMENTS (KOHA)
Source of classification or shelving scheme Dewey Decimal Classification
Koha item type Libro
Classification part 398.242
Item part E27
Existencias
Withdrawn status Lost status Source of classification or shelving scheme Damaged status Not for loan Collection code Home library Current library Shelving location Date acquired Total Checkouts Full call number Barcode Date last seen Price effective from Koha item type
    Dewey Decimal Classification     General Angelópolis Angelópolis Sala general 20/06/2025   398.242 E27 2024 965000000359 20/06/2025 20/06/2025 Libro